| 000 | 01954nam0a2200325 i 4500 | ||
|---|---|---|---|
| 001 | RU\NLR\bibl\2001775 | ||
| 005 | 20260406015149.0 | ||
| 035 | _a(NLR Aleph) 001990489 | ||
| 090 |
_a4217856 _c4217856 |
||
| 100 | _a20130218d2011 u y0rusy50 ca | ||
| 101 | 0 | _arus | |
| 102 | _aRU | ||
| 105 | _aa ||||||||| | ||
| 200 | 1 |
_aКолористический символизм древнерусской стенописи _e(статьи, исследования, заметки) _fА.К. Крылов _gРос. акад. художеств, С.-Петерб. гос. акад. ин-т живописи, скульптуры и архитектуры им. И.Е. Репина [и др.] |
|
| 210 |
_aСанкт-Петербург _cАРТИНДЕКС _d2011 |
||
| 215 |
_a509, [6] с., [6] л. цв. ил. _cил., портр. _d20 |
||
| 300 | _aНа 4-й с. обл. авт.: проф. А.К. Крылов | ||
| 300 | _aВ надзаг. также: Всерос. о-во памяти свт. Макария, Регион. благотвор. фонд "Покровский" | ||
| 300 | _aНа 3-й с.: К двадцатилетию персон. мастерской церков.-ист. живописи С.-Петерб. гос. акад. ин-та живописи, скульптуры и архитектуры им. И.Е. Репина Рос. акад. художеств | ||
| 316 |
_aС автогр. авт. _5NLR |
||
| 320 | _aБиблиогр. в примеч. в конце ст. | ||
| 606 |
_aСтенная живопись древнерусская _91119403 _3RU\NLR\auth\66443288 |
||
| 686 | _aЩ143(2Р=Рус)3-461 | ||
| 700 | 1 |
_4070 _7ca _8rus _aКрылов _bА. К. _cхудожник _f1945- _gАлександр Константинович _9103561 _3RU\NLR\auth\77120636 |
|
| 801 | 0 |
_aRU _bNLR _c20130218 _gRCR |
|
| 801 | 1 |
_aRU _bNLR _c20130218 |
|
| 830 | _aавт. по кн. | ||
| 942 | _cBOOK | ||
| 980 | _aNBR | ||